Mark Henry's WrestleMania Opponents - Statistics

General Stats
  • This quiz has been taken 9 times
  • The average score is 9 of 15
Answer Stats
WrestleMania Opponent % Correct
WrestleMania 25* Christian
78%
WrestleMania 22 The Undertaker
78%
WrestleMania 25* Kane
67%
WrestleMania 25* Kofi Kingston
67%
WrestleMania XXVIII Kofi Kingston
67%
WrestleMania XXVIII The Great Khali
67%
WrestleMania XXVIII Booker T
56%
WrestleMania 25* CM Punk
56%
WrestleMania 25* Finlay
56%
WrestleMania 25* MVP
56%
WrestleMania XXVIII R-Truth
56%
WrestleMania 29 Ryback
56%
WrestleMania XXVIII Santino Marella
56%
WrestleMania 25* Shelton Benjamin
56%
WrestleMania XXVIII Zack Ryder
44%
No matching quizzes found
Score Distribution
Percent of People with Each Score
Percentile by Number Answered
Your Score History
You have not taken this quiz